Biomechanizmy

Bibliographic Details
Main Authors: Živčák, Jozef, 1958- (Author), Hudák, Radovan, 1976- (Author)
Corporate Author: Technická univerzita v Košiciach. Strojnícka fakulta
Format: Book
Language:Slovak
PhysicalDescription:343 s. fotogr., sch., tab. 25 cm
Published: Prešov ManaCon 2001
ISBN:8089040063
Series:Edícia vedeckej a odbornej literatúry / Technická univerzita
Subjects:

MARC

LEADER 00000nam a2200000 a 4500
001 vtls001423053
003 SK-MaSNL
005 20260302001711.0
008 240318s2001 xo aap r yy slo
015 |a SNBA2002/02-00747 
020 |a 8089040063 
035 |a SNK000377924 
035 |a urn:nbn:sk:snk-amk3zy 
035 |a urn:nbn:sk:snk-am0055tb 
035 |a 75DF4284-E771-4366-8444-773C8ADD3F8D 
040 |a SNK  |b slo  |c SNK  |e AACR2 
041 0 |a slo 
044 |a xo  |c SK 
080 |a 57.089.6:577.3  |2 1981 
080 |a 577.3  |2 1981 
100 1 |a Živčák, Jozef,  |d 1958-  |4 aut  |9 151558 
245 1 0 |a Biomechanizmy  |c Jozef Živčák, Radovan Hudák 
260 |a Prešov  |b ManaCon  |c 2001 
300 |a 343 s.  |b fotogr., sch., tab.  |c 25 cm 
490 1 |a Edícia vedeckej a odbornej literatúry / Technická univerzita 
500 |a Vyd. Strojnícka fakulta TU v Košiciach 
500 |a 200 výt. 
504 |a Bibliogr. s. 335-343 
650 0 7 |a biomechanizmy  |2 SNKPH  |9 449141 
650 0 7 |a biomedicínske inžinierstvo  |2 SNKPH  |9 66617 
655 7 |a príručky  |2 SNKPH  |9 74364 
700 1 |a Hudák, Radovan,  |d 1976-  |4 aut  |9 167420 
710 0 |a Technická univerzita v Košiciach.  |b Strojnícka fakulta  |9 178287 
830 0 |a Edícia vedeckej a odbornej literatúry / Technická univerzita  |9 296343 
919 |a 80-89040-06-3 
958 |a TL 
958 |a NB 
999 |c 984939  |d 986869 
952 |t P60, <03>, [BOOK], {603}  |a SNK  |b SNK  |y PREZ  |7 0  |p 17A0320368  |o snkSC 106391  |i snkKSP 12347/2001  |0 0  |1 0  |4 0  |d 2001-10-30  |f 1  |l 0  |r 2025-09-26 00:00:00  |w 2026-02-24 
952 |t P60, <04>, [BOOK], {604}  |a SNK  |b SNK  |y VYP  |7 0  |p 17A0320369  |o snkSC 106391 D1  |i snkKSP 12348/2001  |0 0  |1 0  |4 0  |d 2001-10-30  |l 0  |r 2005-01-02 00:00:00  |w 2026-02-24